Obálka
Pro půjčování e-knih musíte být přihlášeni.
Jak si půjčit online?

Dokonalý zločin /

Další detektivní případ inspektora Luca Callanacha a šéfinspektorky Avy Turnerové se týká série zdánlivých sebevražd.

Uloženo v:
Série:Inspektor Luc Callanach, část 5
Hlavní autor: Fields, Helen, 1969- (Autor)
Další autoři: Knapová, Nela (Autor), Šebestík, Martin (Překladatel), Šťastný, Jan, 1965- (Režisér)
Médium: E-audiokniha
Jazyk:Czech
Vydáno: Praha : Voxi, [2021]
Edice:Top thriller
Témata:
Příbuzné jednotky:Z cyklu:: Inspektor Luc Callanach
Tagy:
Žádné tagy
LEADER 05001nim a2201129 ia4500
001 313104
003 CZ PrSKC
005 20260601215735.0
007 sd fungnnmmned
008 211118t20212021xr nnnng f n cze
015 |a cnb003375265 
024 3 |a 8594050432475 
040 |a ABA001  |b cze  |e rda 
041 1 |d cze  |h eng 
072 7 |a 821.111-3  |x Anglická próza, anglicky psaná  |2 Konspekt 
080 |a 821.111-31  |2 MRF 
080 |a (0:82-312.4)  |2 MRF 
080 |a (086.7)08  |2 MRF 
080 |a (086.76)  |2 MRF 
100 1 |a Fields, Helen,  |d 1969-  |7 xx0224480  |4 aut 
245 1 0 |a Dokonalý zločin /  |c Helen Fieldsová ; z anglického originálu Perfect crime přeložila Nela Knapová 
264 1 |a Praha :  |b Voxi,  |c [2021] 
264 4 |c ©2021 
300 |a 2 audiodisky (14 hod., 23 min.) ;  |c 12 cm 
306 |a 142300 
336 |a mluvené slovo  |b spw  |2 rdacontent 
337 |a audio  |b s  |2 rdamedia 
338 |a audiodisk  |b sd  |2 rdacarrier 
344 |a digital  |b optical  |2 rda 
347 |a audio soubor  |b MP3  |2 rda 
490 1 |a Top thriller 
500 |a Název z disku 
500 |a Copyright Albatros Media 
500 |a Na disku copyright 2020 Albatros Media 
500 |a Nezkrácená audiokniha ve formátu MP3 na dvou CD 
500 |a Podle stejnojmenné knihy vydané nakladatelstvím Kniha Zlín v roce 2021 
508 |a Režie Matin Šebestík 
511 0 |a Čte Jan Šťastný 
520 2 |a Další detektivní případ inspektora Luca Callanacha a šéfinspektorky Avy Turnerové se týká série zdánlivých sebevražd.  |b Mrtvola nalezená pod útesem. Žena s podřezanými žílami ve vaně. Muž zabitý elektrickým proudem. Série podivných sebevražd přivede vyšetřovatele Luca Callanacha a Avu Turnerovou k myšlence, že za činy se skrývá sériový vrah s mrazivou schopností zinscenovat místo neštěstí. Jak si vybírá své oběti a kdo další je na řadě? Zabiják s pokřivenou myslí získává s každým zmařeným životem víc sebevědomí a Luc ani Ava netuší, jak blízko kolem nich krouží. Nakladatelská anotace. 
655 7 |a anglické romány  |7 fd131814  |2 czenas 
655 7 |a detektivní romány  |7 fd132010  |2 czenas 
655 7 |a thrillery (romány)  |7 fd184206  |2 czenas 
655 7 |a audioknihy  |7 fd119452  |2 czenas 
655 7 |a kompaktní disky  |7 fd201991  |2 czenas 
700 1 |a Knapová, Nela  |7 ola2015884249  |4 trl 
700 1 |a Šebestík, Martin  |7 xx0089616  |4 drt 
700 1 |a Šťastný, Jan,  |d 1965-  |7 jn19981002491  |4 nrt 
787 0 8 |i Z cyklu:  |t Inspektor Luc Callanach  |g 5 
830 0 |a Top thriller 
900 |a ABA001  |b 18 
044 |a xr 
505 0 0 |t Kapitola 1 (29 min., 53 sek.) 
505 0 0 |t Kapitola 2 (17 min., 16 sek.) 
505 0 0 |t Kapitola 3 (12 min., 29 sek.) 
505 0 0 |t Kapitola 4 (35 min., 13 sek.) 
505 0 0 |t Kapitola 5 (30 min., 56 sek.) 
505 0 0 |t Kapitola 6 (17 min., 24 sek.) 
505 0 0 |t Kapitola 7 (23 min., 15 sek.) 
505 0 0 |t Kapitola 8 (16 min., 42 sek.) 
505 0 0 |t Kapitola 9 (25 min., 9 sek.) 
505 0 0 |t Kapitola 10 (22 min., 52 sek.) 
505 0 0 |t Kapitola 11 (24 min., 50 sek.) 
505 0 0 |t Kapitola 12 (12 min., 39 sek.) 
505 0 0 |t Kapitola 13 (34 min., 9 sek.) 
505 0 0 |t Kapitola 14 (28 min., 5 sek.) 
505 0 0 |t Kapitola 15 (18 min., 39 sek.) 
505 0 0 |t Kapitola 16 (15 min., 31 sek.) 
505 0 0 |t Kapitola 17 (14 min., 53 sek.) 
505 0 0 |t Kapitola 18 (12 min., 27 sek.) 
505 0 0 |t Kapitola 19 (13 min., 52 sek.) 
505 0 0 |t Kapitola 20 (25 min., 33 sek.) 
505 0 0 |t Kapitola 21 (9 min., 49 sek.) 
505 0 0 |t Kapitola 22 (46 min., 34 sek.) 
505 0 0 |t Kapitola 23 (28 min., 35 sek.) 
505 0 0 |t Kapitola 24 (30 min., 19 sek.) 
505 0 0 |t Kapitola 25 (28 min., 45 sek.) 
505 0 0 |t Kapitola 26 (23 min., 34 sek.) 
505 0 0 |t Kapitola 27 (16 min., 41 sek.) 
505 0 0 |t Kapitola 28 (9 min., 25 sek.) 
505 0 0 |t Kapitola 29 (15 min., 6 sek.) 
505 0 0 |t Kapitola 30 (15 min., 24 sek.) 
505 0 0 |t Kapitola 31 (20 min., 27 sek.) 
505 0 0 |t Kapitola 32 (9 min., 41 sek.) 
505 0 0 |t Kapitola 33 (23 min., 25 sek.) 
505 0 0 |t Kapitola 34 (24 min., 24 sek.) 
505 0 0 |t Kapitola 35 (12 min., 36 sek.) 
505 0 0 |t Kapitola 36 (19 min., 39 sek.) 
505 0 0 |t Kapitola 37 (8 min., 15 sek.) 
505 0 0 |t Kapitola 38 (9 min., 50 sek.) 
505 0 0 |t Kapitola 39 (8 min., 47 sek.) 
505 0 0 |t Kapitola 40 (14 min., 57 sek.) 
505 0 0 |t Kapitola 41 (20 min., 39 sek.) 
505 0 0 |t Kapitola 42 (12 min., 56 sek.) 
505 0 0 |t Kapitola 43 (20 min., 55 sek.) 
910 |a RBIT002 
998 |d 354361  |a https://core.palmknihy.cz/api/books/354361/cover?sia8ti  |b https://core.palmknihy.cz/api/books/354361/cover/400?sia8ti  |c https://core.palmknihy.cz/api/books/354361/cover/50?sia8ti  |e 2030-03-09  |i 8594050432475  |l 51840  |q 49  |r 1  |s https://www.palmknihy.cz/kniha/354361  |t audiobook  |y 2021  |z 0  |v Inspektor Luc Callanach  |w 5 
999 |d 313102